[Event "Tourn. n8198"]
[Site "www.chess-mail.com"]
[Date "2015.07.20"]
[Round "1"]
[White "Tomcapp"]
[Black "Feli"]
[WhiteElo "1500"]
[BlackElo "1499"]
[Result "1-0"]
[Round "1"]
1.e4 e5
2.Ng1f3 d6
3.c4 c5
4.Nb1c3 Nb8c6
5.Nc3d5 Ng8e7
6.Nd5xe7 Bf8xe7
7.a3 O-O
8.b4 cxb4
9.axb4 Nc6xb4
10.d3 Nb4c6
11.Bc1a3 a6
12.Bf1e2 Qd8a5
13.Nf3d2 Be7g5
14.O-O Qa5xd2
15.Qd1xd2 Bg5xd2
16.Ba3xd6 Rf8e8
17.c5  { time }
1-0

[Event "Tourn. n8228"]
[Site "www.chess-mail.com"]
[Date "2015.07.20"]
[Round "1"]
[White "Mitja"]
[Black "Lena"]
[WhiteElo "1610"]
[BlackElo "1679"]
[Result "1-0"]
[Round "1"]
1.d4 d5
2.e3 c5
3.dxc5 e6
4.Ng1f3 Bf8xc5
5.c3 Ng8f6
6.Nb1d2 O-O
7.Nd2b3 Bc5d6
8.h3  { time }
1-0

[Event "Tourn. n8239"]
[Site "www.chess-mail.com"]
[Date "2015.07.20"]
[Round "1"]
[White "Julianlore"]
[Black "Averoes"]
[WhiteElo "2170"]
[BlackElo "2210"]
[Result "1-0"]
[Round "1"]
1.e4 c5
2.Ng1f3 e6
3.d4 cxd4
4.Nf3xd4 a6
5.Bf1d3 Qd8c7
6.Nb1c3 Bf8b4
7.O-O Ng8f6
8.Bc1g5 Bb4xc3
9.bxc3 Qc7xc3
10.e5 Qc3xd4
11.exf6 gxf6
12.c3 Qd4e5
13.Bg5h4 Nb8c6
14.Qd1f3 f5
15.Ra1e1 Qe5c5
16.Bd3xf5 Nc6e7
17.Bf5e4 d5
18.Qf3f6 dxe4
19.Qf6xh8 Kd7
20.Qh8f8 b6
21.Bh4xe7 { resign }
1-0

[Event "Tourn. n8166"]
[Site "www.chess-mail.com"]
[Date "2015.07.20"]
[Round "1"]
[White "Passaroa25"]
[Black "Anja"]
[WhiteElo "1550"]
[BlackElo "1670"]
[Result "1-0"]
[Round "1"]
1.e4 Ng8f6
2.Nb1c3 d5
3.e5 d4
4.exf6 dxc3
5.bxc3 exf6
6.Ng1e2 Bf8d6
7.g3 O-O
8.Bc1b2 Rf8e8
9.d4 Nb8c6
10.Bb2c1 Bc8g4
11.Bc1d2 Qd8d7
12.Qd1b1 Bg4f3
13.Qb1b2 Bf3xh1
14.O-O-O Qd7e7
15.Bd2e3 Bd6a3
16.Kb1 Ba3xb2
17.Kxb2 Bh1f3
18.Rd1e1 Qe7d7
19.Ne2f4 a5
20.Bf1g2 Bf3xg2
21.Nf4xg2 a4
22.a3 Nc6a5
23.Kc1 Na5c4
24.Kd1 Nc4xa3
25.Kd2 Qd7f5
26.Re1f1 Qf5xc2
27.Ke1 Qc2xc3
28.Ke2 Qc3xd4
29.Rf1d1 Qd4c4
30.Rd1d3 Ra8d8
31.Ng2e1 Rd8xd3
32.Ne1xd3 Qc4c2
33.Kf1 Qc2xd3
34.Kg2 Re8xe3
35.fxe3  { time }
1-0

[Event "Tourn. n8183"]
[Site "www.chess-mail.com"]
[Date "2015.07.20"]
[Round "1"]
[White "Abuelo"]
[Black "Samael"]
[WhiteElo "2080"]
[BlackElo "2110"]
[Result "1-0"]
[Round "1"]
1.e4 e5
2.Bf1c4 d6
3.Nb1c3 Ng8f6
4.h3 Nb8c6
5.Ng1f3 h6
6.d3 Bf8e7
7.O-O O-O
8.a3 a6
9.Bc4d5 Bc8d7
10.Bd5xc6 Bd7xc6
11.Bc1d2 Ra8c8
12.Nf3h4 Bc6d7
13.Nh4f3 Rf8e8
14.Ra1b1 Nf6h7
15.Bd2e3 Nh7g5
16.Be3xg5 Be7xg5
17.Nc3d5 Bg5e7
18.Qd1d2 c6
19.Nd5xe7 Qd8xe7
20.a4 Qe7f6
21.Qd2e3 Qf6e7
22.b3 f5
23.exf5 Bd7xf5
24.Rb1c1 Qe7f6
25.Nf3d2  { time }
1-0

[Event "Tourn. n8208"]
[Site "www.chess-mail.com"]
[Date "2015.07.20"]
[Round "1"]
[White "Vite"]
[Black "Kesalon"]
[WhiteElo "1970"]
[BlackElo "1970"]
[Result "0-1"]
[Round "1"]
1.e4 e5
2.Ng1f3 Nb8c6
3.Bf1b5 a6
4.Bb5a4 Ng8f6
5.O-O b5
6.Ba4b3 Bf8e7
7.c3 d6
8.Rf1e1 O-O
9.d4 exd4
10.cxd4 Bc8g4
11.d5 Nc6e5
12.Nb1d2 Ne5d3
13.Re1e3 Nd3xc1
14.Ra1xc1 Ra8c8
15.h3 Bg4h5
16.Re3c3 Nf6d7
17.Qd1c2 Nd7c5
18.Nf3d4 Be7f6
19.Nd4c6 Qd8d7
20.Rc3e3 Bh5g6
21.f4 Rf8e8
22.g4 h6
23.Rc1e1 a5
24.Nc6xa5 Bf6d4
25.f5 Bd4xe3
26.Re1xe3 Bg6h7
27.h4 Qd7e7
28.h5 Qe7g5
29.Re3g3 Bh7xf5
30.exf5 Re8e2
31.Rg3g2 Rc8e8
32.a4 Re2xg2
33.Kxg2 Re8e2
{ resign }
0-1

[Event "Tourn. n8236"]
[Site "www.chess-mail.com"]
[Date "2015.07.20"]
[Round "1"]
[White "Pipas"]
[Black "Vitoriccardo"]
[WhiteElo "1670"]
[BlackElo "1740"]
[Result "1-0"]
[Round "1"]
1.e4 e6
2.e5 d5
3.d4 c5
4.c4 Bc8d7
5.Ng1f3 Nb8c6
6.Nb1c3 cxd4
7.Nf3xd4 Nc6xe5
8.b3 Bf8b4
9.Bc1d2 dxc4
10.Bf1xc4 Ne5xc4
11.bxc4 Ng8f6
12.O-O O-O
13.h3 Ra8c8
14.Qd1b3 Bb4c5
15.Bd2e3 Bc5xd4
16.Be3xd4 Bd7c6
17.Bd4xa7 Nf6h5
18.Ba7e3 Qd8c7
19.Nc3e2 f5
20.Ne2d4 Bc6d7
21.Ra1d1 f4
22.Be3c1 e5
23.Nd4b5 Qc7c6
24.Rd1d6 Qc6xc4
25.Qb3xc4 Rc8xc4
26.Rd6xd7 { resign }
1-0

[Event "Tourn. n8123"]
[Site "www.chess-mail.com"]
[Date "2015.07.20"]
[Round "1"]
[White "Seger"]
[Black "Manolinex"]
[WhiteElo "2680"]
[BlackElo "2730"]
[Result "1/2-1/2"]
[Round "1"]
1.d4 Ng8f6
2.Ng1f3 g6
3.c4 Bf8g7
4.Nb1c3 d6
5.e4 O-O
6.h3 e5
7.d5 a5
8.Bf1d3 Nf6h5
9.O-O Nh5f4
10.Bd3c2 Nb8a6
11.a3 Na6c5
12.Bc1e3 Qd8d7
13.Nf3h2 Qd7e7
14.Rf1e1 b6
15.Nh2f3 g5
16.Nf3h2 Bc8d7
17.Ra1b1 a4
18.Be3xc5 bxc5
19.Bc2xa4 Bd7xa4
20.Nc3xa4 f5
21.exf5 e4
22.Qd1c2 Nf4d3
23.Qc2xd3 exd3
24.Re1xe7 Ra8xa4
25.b4 Rf8xf5
26.Re7xc7 cxb4
27.axb4 Ra4a2
28.Rc7c8 Kf7
29.Nh2f3 Bg7d4
30.Nf3xd4 Rf5xf2
31.Nd4f3 Rf2xg2
32.Kh1 Rg2g3
33.Nf3g1 Rg3g2
34.Rb1f1 Kg7
35.Ng1f3 Rg2f2
{ draw }
1/2-1/2

[Event "Tourn. n8234"]
[Site "www.chess-mail.com"]
[Date "2015.07.20"]
[Round "1"]
[White "Fred"]
[Black "Anja"]
[WhiteElo "1970"]
[BlackElo "1810"]
[Result "1-0"]
[Round "1"]
1.e4 Ng8f6
2.e5 Nf6d5
3.Bf1c4 e6
4.d4 Bf8b4
5.c3 Bb4e7
6.f4 O-O
7.Ng1f3 c5
8.O-O Nb8c6
9.Bc4xd5 exd5
10.f5 f6
11.exf6 Rf8xf6
12.dxc5 Rf6xf5
13.Bc1e3 d6
14.b4 dxc5
15.Be3xc5 Be7xc5
16.bxc5 Bc8e6
17.Nf3d4 Rf5e5
18.Nb1d2 Qd8e7
19.Nd2f3 Re5e3
20.Qd1d2  { time }
1-0

[Event "Tourn. n7986"]
[Site "www.chess-mail.com"]
[Date "2015.07.20"]
[Round "1"]
[White "Yakke"]
[Black "Julian"]
[WhiteElo "1770"]
[BlackElo "1920"]
[Result "0-1"]
[Round "1"]
1.e4 c5
2.Ng1f3 d6
3.h3 Nb8c6
4.Bf1b5 Bc8d7
5.Nb1c3 e6
6.d3 Ng8f6
7.Bc1g5 Bf8e7
8.a3 O-O
9.O-O a6
10.Bb5a4 b5
11.Ba4b3 Qd8c7
12.d4 cxd4
13.Nf3xd4 Nc6xd4
14.Qd1xd4 Ra8d8
15.Nc3d1 e5
16.Qd4e3 Rf8e8
17.Qe3g3 Bd7e6
18.Bb3xe6 fxe6
19.Bg5h6 Be7f8
20.Bh6g5 Bf8e7
21.Bg5h6 Be7f8
22.Bh6g5 Nf6xe4
23.Qg3e3 Ne4xg5
24.c3 Bf8e7
25.f4 exf4
26.Qe3xf4 Be7f6
27.Nd1e3 Qc7c5
28.Ra1c1 d5
29.Qf4g3 e5
30.b4 Qc5b6
31.Kh1 d4
32.Ne3d1 dxc3
33.Rc1xc3 e4
34.Nd1e3 Rd8d3
35.Rc3xd3 exd3
36.Ne3d5 Qb6d4
37.Nd5c7 Re8e3
38.Qg3f2 Ng5xh3
39.Qf2a2 Qd4c4
40.Qa2b1 Qc4xc7
41.Qb1b3 Kf8
42.Qb3b2 Qc7c2
43.Rf1xf6 gxf6
44.Qb2xf6 Ke8
45.Qf6h8 Kd7
46.Qh8xh7 Kd6
47.Qh7g6 Re3e6
48.Qg6g3 Kd5
49.Qg3f3 Kc4
50.Qf3g4 Kc3
51.Qg4xe6 Nh3f2
52.Kh2 d2
53.Qe6e3 Kb2
54.Qe3d4 Kxa3
55.Qd4a1 Kxb4
56.Qa1d4 Kb3
57.Qd4d5 Kb2
58.Qd5d4 Kc1
59.Qd4a1 Qc2b1
60.Qa1c3 Kd1
61.Qc3f3 Ke1
62.Qf3e3 Kf1
63.Qe3xd2 Qb1h7
64.Kg3 Nf2e4
65.Kf3 Ne4xd2
66.Kg3 Qh7g6
67.Kh3 Nd2e4
68.Kh2 Qg6h5

0-1

[Event "Tourn. n8255"]
[Site "www.chess-mail.com"]
[Date "2015.07.20"]
[Round "1"]
[White "Zazi"]
[Black "Falcoale"]
[WhiteElo "1630"]
[BlackElo "1850"]
[Result "1-0"]
[Round "1"]
1.e4 c5
2.Bf1c4 e6
3.e5 Nb8c6
4.f4 a6
5.Ng1f3 b5
6.Bc4e2 Bc8b7
7.O-O c4
8.h3 d6
9.Nb1c3 d5
10.Nf3g5 Nc6d4
11.Be2h5 g6
12.a4 gxh5
13.Qd1xh5 Qd8e7
14.axb5 Nd4f5
15.bxa6 Nf5g3
16.axb7 Qe7xb7
17.Ra1xa8 Kd7
18.Qh5xf7 Kc6
19.Qf7e8 Kc5
20.Ng5xe6 Kb6
21.Nc3a4 
1-0

[Event "Tourn. n8208"]
[Site "www.chess-mail.com"]
[Date "2015.07.20"]
[Round "1"]
[White "Kesalon"]
[Black "Falcoale"]
[WhiteElo "1980"]
[BlackElo "1860"]
[Result "1-0"]
[Round "1"]
1.e4 c5
2.Ng1f3 Nb8c6
3.d4 cxd4
4.Nf3xd4 a6
5.Nb1c3 e6
6.Bc1e3 Bf8b4
7.Bf1e2 Ng8f6
8.f3 O-O
9.a3 Bb4a5
10.Nd4b3 d5
11.Nb3xa5 Nc6xa5
12.exd5 Nf6xd5
13.Nc3xd5 exd5
14.Qd1d2 Rf8e8
15.O-O-O Bc8e6
16.g4 Ra8c8
17.Kb1 Na5c4
18.Be2xc4 dxc4
19.Qd2b4 Qd8f6
20.Rh1f1 Qf6g6
21.Be3d4 b5
22.h4 f6
23.g5 Be6f5
24.Rf1f2 Rc8b8
25.gxf6 a5
26.Qb4d2 b4
27.Rf2g2 Bf5xc2
28.Qd2xc2 Qg6xc2
29.Kxc2 g6
30.h5 Kf7
31.hxg6 { resign }
1-0

[Event "Tourn. n8113"]
[Site "www.chess-mail.com"]
[Date "2015.07.20"]
[Round "1"]
[White "Aperturaf"]
[Black "Greghghs"]
[WhiteElo "2420"]
[BlackElo "2390"]
[Result "1/2-1/2"]
[Round "1"]
1.e4 c5
2.Ng1f3 d6
3.d4 cxd4
4.Qd1xd4 Nb8c6
5.Bf1b5 Bc8d7
6.Bb5xc6 Bd7xc6
7.c4 f5
8.exf5 Qd8a5
9.Nb1d2 Qa5xf5
10.O-O e5
11.Qd4e3 Bf8e7
12.Rf1e1 Ng8f6
13.Nf3d4 Qf5d7
14.Nd4xc6 Qd7xc6
15.b4 O-O
16.Qe3b3 Kh8
17.Bc1b2 b5
18.Ra1c1 Qc6b6
19.Qb3c2 Nf6g4
20.Nd2f3 bxc4
21.h3 Ng4f6
22.Qc2xc4 d5
23.Qc4c6 e4
24.a3 Nf6g8
25.Nf3d4 Be7f6
26.Re1d1 Ng8e7
27.Qc6xb6 axb6
28.Rc1c7 Ne7g6
29.Nd4e6 Bf6xb2
30.Ne6xf8 Ng6xf8
31.Rd1xd5 Bb2xa3
32.Rc7c4 Ra8e8
33.Rd5b5 Re8e6
34.Rb5f5 Kg8
35.Rf5f4 Ba3b2
36.Rf4xe4 b5
37.Re4xe6 Nf8xe6
38.Rc4c2 Bb2a3
39.Rc2a2 Ba3xb4
40.Ra2b2 Bb4c5
{ draw }
1/2-1/2

[Event "Tourn. n8136"]
[Site "www.chess-mail.com"]
[Date "2015.07.20"]
[Round "1"]
[White "Sonivano"]
[Black "Tartan"]
[WhiteElo "2350"]
[BlackElo "2390"]
[Result "1/2-1/2"]
[Round "1"]
1.e4 e6
2.d4 d5
3.Nb1d2 c5
4.exd5 Qd8xd5
5.Ng1f3 cxd4
6.Bf1c4 Qd5d6
7.O-O Ng8f6
8.Qd1e2 Nb8c6
9.Nd2b3 Bf8e7
10.Bc4b5 O-O
11.Bb5xc6 bxc6
12.Nb3xd4 Bc8b7
13.Rf1e1 c5
14.Nd4f5 exf5
15.Qe2xe7 Qd6b6
16.Bc1f4 Bb7xf3
17.gxf3 Ra8e8
18.Qe7d6 Qb6xb2
19.Bf4e5 Qb2b4
20.c3 Qb4b6
21.Re1b1 Qb6a5
22.a4 a6
23.Be5xf6 gxf6
24.Qd6xf6 Re8e6
25.Qf6xf5 Qa5xc3
26.Rb1c1 Qc3d4
27.Rc1d1 Re6g6
28.Qf5xg6 fxg6
29.Rd1xd4 cxd4
30.Ra1d1 Rf8d8
31.Kf1 d3
32.Ke1 Rd8d4
33.Kd2 Rd4xa4
34.Kxd3 Ra4h4
35.Rd1a1 Rh4xh2
36.Ke3 h5
{ draw }
1/2-1/2

[Event "Tourn. n8309"]
[Site "www.chess-mail.com"]
[Date "2015.07.20"]
[Round "1"]
[White "Culiflori"]
[Black "Gatrooper"]
[WhiteElo "999"]
[BlackElo "1200"]
[Result "1-0"]
[Round "1"]
1.e4 e5
2.Ng1f3 Nb8c6
3.Bf1c4 d6
4.d4 Bc8e6
5.d5 Nc6d4
6.Nf3xd4 exd4
7.dxe6 fxe6
8.Bc4xe6 Qd8f6
9.Be6b3 d5
10.Bb3xd5 Bf8c5
11.O-O c6
12.Bd5xg8 Rh8xg8
13.e5 Qf6d8
14.Qd1h5 g6
15.Qh5xh7 Rg8f8
16.Qh7xg6 Kd7
17.Bc1e3 Kc7
18.Rf1d1 Kb8
19.c3 Rf8g8
20.Qg6f7 Rg8f8
21.Qf7c4 Bc5b6
22.cxd4 Bb6c7
23.d5 cxd5
24.Rd1xd5 Qd8e7
25.Be3c5 Qe7f7
26.Bc5xf8 Qf7xf8
27.Nb1c3 Bc7b6
28.Ra1f1 a6
29.e6 Ka7
30.Qc4d3 Qf8e7
31.Rf1e1 Ra8f8
32.Nc3e4 Qe7b4
33.Qd3d2 Qb4e7
34.Re1e2 Qe7xe6
35.a4 Rf8h8
36.a5 Bb6c7
37.Qd2d4 b6
38.axb6 Bc7xb6
39.Rd5d7 Ka8
40.Qd4xh8 Bb6d8
41.Qh8xd8 { resign }
1-0

[Event "Tourn. n8195"]
[Site "www.chess-mail.com"]
[Date "2015.07.20"]
[Round "1"]
[White "Louis"]
[Black "Ditto"]
[WhiteElo "1710"]
[BlackElo "1740"]
[Result "0-1"]
[Round "1"]
1.e4 e5
2.Ng1f3 Nb8c6
3.Bf1c4 Ng8f6
4.Nb1c3 Bf8c5
5.O-O d6
6.d3 Bc8g4
7.h3 Bg4d7
8.Rf1e1 O-O
9.Bc1g5 Nc6b8
10.Bg5xf6 Qd8xf6
11.Nc3d5 Qf6d8
12.d4 Bc5b6
13.Nd5xb6 axb6
14.dxe5 dxe5
15.Nf3xe5 Ra8a5
16.Ne5d3 Qd8g5
17.Qd1f3 Bd7c6
18.Qf3f4 Qg5xf4
19.Nd3xf4 Nb8d7
20.f3 Ra5g5
21.Ra1d1 Nd7e5
{ resign }
0-1

[Event "Tourn. n8276"]
[Site "www.chess-mail.com"]
[Date "2015.07.20"]
[Round "1"]
[White "Bojan"]
[Black "Neo"]
[WhiteElo "1890"]
[BlackElo "1720"]
[Result "1-0"]
[Round "1"]
1.e4 e5
2.Ng1f3 d6
3.d4 exd4
4.Nf3xd4 g6
5.Bc1e3 Bf8g7
6.Nb1d2 Ng8e7
7.c3 O-O
8.Bf1d3 c5
9.Nd4b5 a6
10.Nb5a3 b5
11.Ra1b1 Bc8d7
12.c4 b4
13.Na3c2 a5
14.a3 Nb8c6
15.Nd2f3 bxa3
16.bxa3 a4
17.Be3g5 Bd7g4
18.h3 Bg4xf3
19.Qd1xf3 Bg7c3
20.Ke2 Nc6d4
21.Nc2xd4 Bc3xd4
22.Rh1d1 Qd8c7
23.Bd3c2 Ne7c6
24.Kf1 Nc6e5
25.Qf3f4 Ne5xc4
26.Rd1xd4 cxd4
27.Qf4f6 Nc4xa3
28.Bg5h6 Qc7c4
29.Kg1 Qc4xc2
30.Qf6g7 
1-0

[Event "Tourn. n8154"]
[Site "www.chess-mail.com"]
[Date "2015.07.20"]
[Round "1"]
[White "Hrob71"]
[Black "Samael"]
[WhiteElo "2050"]
[BlackElo "2110"]
[Result "0-1"]
[Round "1"]
1.e4 e5
2.Ng1f3 d6
3.d4 exd4
4.Qd1xd4 Ng8f6
5.Nb1c3 Bf8e7
6.Bf1e2 O-O
7.O-O Nb8c6
8.Qd4d1 h6
9.h3 a6
10.Bc1e3 Rf8e8
11.Qd1d2 Be7f8
12.Be2d3 Nc6e5
13.Bd3e2 Bc8d7
14.Ra1d1 Bd7c6
15.Nf3xe5 Re8xe5
16.f4 Re5e8
17.Be2f3 Nf6xe4
18.Bf3xe4 Bc6xe4
19.Nc3xe4 Re8xe4
20.Qd2d3 Qd8e7
21.Rd1e1 Ra8e8
22.f5 Re4xe3
{ resign }
0-1

[Event "Tourn. n8225"]
[Site "www.chess-mail.com"]
[Date "2015.07.20"]
[Round "1"]
[White "Seger"]
[Black "Numanoid"]
[WhiteElo "2670"]
[BlackElo "2590"]
[Result "1-0"]
[Round "1"]
1.d4 g6
2.e4 Bf8g7
3.Ng1f3 d6
4.Nb1c3 Ng8f6
5.Bf1e2 O-O
6.O-O Nb8c6
7.d5 Nc6b8
8.Nf3d4 c6
9.Rf1e1 cxd5
10.exd5 Nb8d7
11.a4 Nd7b6
12.Be2f3 a5
13.b3 Bc8d7
14.Ra1a2 Ra8c8
15.Nd4b5 Bd7f5
16.h3 Nf6d7
17.Nc3e2 Nd7e5
18.Ne2d4 Bf5d7
19.Bc1g5 Bd7xb5
20.Nd4xb5 h6
21.Bg5f4 Nb6d7
22.Bf3e2 Kh7
23.Bf4e3 Nd7c5
24.c4 Ne5d7
25.Qd1b1 Kg8
{ time. }
1-0

[Event "Tourn. n8217"]
[Site "www.chess-mail.com"]
[Date "2015.07.20"]
[Round "1"]
[White "Andreachess"]
[Black "Gambitchess"]
[WhiteElo "1930"]
[BlackElo "1850"]
[Result "1-0"]
[Round "1"]
1.e4 c5
2.Ng1f3 Nb8c6
3.d4 cxd4
4.Nf3xd4 e5
5.Nd4b5 d6
6.Nb1c3 a6
7.Nb5a3 Ng8f6
{ time. }
1-0

[Event "Tourn. n8167"]
[Site "www.chess-mail.com"]
[Date "2015.07.20"]
[Round "1"]
[White "Anja"]
[Black "Falcoale"]
[WhiteElo "1670"]
[BlackElo "1880"]
[Result "0-1"]
[Round "1"]
1.d4 Ng8f6
2.Ng1f3 e6
3.Bc1f4 Bf8b4
4.c3 Bb4e7
5.Nb1d2 b6
6.e4 Bc8b7
7.Bf1d3 O-O
8.O-O d5
9.e5 Nf6e4
10.Qd1c2 f5
11.h3 Nb8d7
12.Nf3h2 Be7g5
13.Bf4xg5 Ne4xg5
14.Nh2f3 Ng5e4
15.Nf3h2 Qd8g5
16.f3 Ne4g3
17.Rf1e1 Ng3h5
18.Nd2b3 Nh5f4
19.Bd3f1 Nf4xh3
20.Kh1 Nh3f4
21.Qc2d2 Qg5h6
22.g3 Nf4h5
23.Qd2xh6 gxh6
 { time }
0-1

[Event "Tourn. n8034"]
[Site "www.chess-mail.com"]
[Date "2015.07.20"]
[Round "1"]
[White "Ff333"]
[Black "Difficult"]
[WhiteElo "2040"]
[BlackElo "2000"]
[Result "1-0"]
[Round "1"]
1.e4 e5
2.Ng1f3 d6
3.g3 Nb8c6
4.Bf1g2 Ng8f6
5.d3 Bc8g4
6.O-O Bf8e7
7.Qd1d2 O-O
8.h3 Bg4xf3
9.Bg2xf3 Nc6d4
10.Bf3g2 c6
11.c3 Nd4e6
12.Nb1a3 Qd8c7
13.Na3c4 d5
14.exd5 cxd5
15.Nc4e3 Rf8d8
16.Ne3f5 Be7f8
17.Qd2e2 Bf8d6
18.Rf1e1 h6
19.Nf5xd6 Qc7xd6
20.Qe2xe5 Qd6b6
21.b3 Ra8c8
22.Bc1xh6 Rd8d7
23.c4 dxc4
24.dxc4 Rc8c5
25.Qe5e3 gxh6
26.Qe3xh6 Ne6g7
27.Re1e3 Rc5h5
28.Qh6f4 Rh5f5
29.Qf4b8 Rd7d8
30.Qb8xb7 Qb6d4
31.Ra1e1 Qd4d2
32.Re1e2 Qd2c1
33.Re2e1 Rd8d1
34.Kf1 Rd1xe1
35.Re3xe1 Qc1d2
36.f4 Qd2xa2
37.Qb7c8 Kh7
38.Qc8b7 Kg6
39.Re1e7 Ng7h5
40.Qb7f3 Qa2b1
41.Kf2 Rf5a5
42.Bg2f1 Ra5a2
43.Re7e2 Ra2xe2
44.Bf1xe2 Nf6e4
45.Kg2 Nh5f6
46.h4 Qb1e1
47.h5 Kg7
48.g4  { time }
1-0

[Event "Tourn. n8056"]
[Site "www.chess-mail.com"]
[Date "2015.07.20"]
[Round "1"]
[White "Manuel09"]
[Black "Cardiff"]
[WhiteElo "1919"]
[BlackElo "1940"]
[Result "0-1"]
[Round "1"]
1.d4 Ng8f6
2.c4 e6
3.Nb1c3 Bf8b4
4.Qd1c2 c5
5.e3 O-O
6.a3 Bb4xc3
7.Qc2xc3 Nf6e4
8.Qc3c2 d5
9.Bf1d3 cxd4
10.exd4 Nb8c6
11.Ng1f3 Ne4f6
12.Bc1e3 dxc4
13.Bd3xc4 Bc8d7
14.O-O Ra8c8
15.Qc2b1 Nc6xd4
16.Be3xd4 Rc8xc4
17.Bd4e3 b6
18.Rf1d1 Qd8c8
19.Nf3e5 Rc4c7
20.h3 Nf6d5
21.Qb1d3 Bd7c6
22.Ra1c1 Nd5xe3
23.Qd3xe3 Bc6d5
24.Rc1xc7 Qc8xc7
25.Rd1c1 Qc7d6
26.Ne5f3 Bd5xf3
27.Qe3xf3 Qd6d4
28.Qf3e2 g6
29.Rc1d1 Qd4c5
30.Qe2d2 a5
31.Kh1 Rf8c8
32.Qd2h6 Qc5f8
33.Qh6e3 Qf8c5
34.Qe3d2 Qc5c2
35.Qd2d7 Rc8c5
36.Qd7d8 Kg7
37.Qd8d4 e5
38.Qd4d2 Qc2xd2
39.Rd1xd2 b5
40.Kg1 Kf6
41.Kf1 Ke6
42.Ke2 f5
43.Ke3 f4
44.Kf3 Kf5
45.Rd2e2 h5
46.Re2d2 e4
47.Ke2 Ke5
48.Kd1 Rc5d5
49.Rd2xd5 Kxd5
50.Kd2 g5
51.Kc3 g4
52.hxg4 hxg4
53.b3 a4
54.bxa4 bxa4
55.Kd2 Kd4
56.Kc2 e3
 { time }
0-1

[Event "Tourn. n8151"]
[Site "www.chess-mail.com"]
[Date "2015.07.20"]
[Round "1"]
[White "Woodpusher2"]
[Black "Seger"]
[WhiteElo "2600"]
[BlackElo "2710"]
[Result "1/2-1/2"]
[Round "1"]
1.e4 e6
2.d4 d5
3.Nb1d2 c5
4.Ng1f3 Ng8f6
5.exd5 exd5
6.Bf1b5 Bc8d7
7.Bb5xd7 Nb8xd7
8.O-O Bf8e7
9.dxc5 Nd7xc5
10.Nd2b3 Nc5e4
11.Nf3d4 O-O
12.Nd4f5 Rf8e8
13.Nf5xe7 Qd8xe7
14.Bc1e3 Qe7c7
15.Be3d4 Nf6d7
16.f3 Ne4c5
17.Bd4f2 Nc5xb3
18.axb3 Nd7f6
19.g3 a6
20.Kg2 Re8e6
21.Qd1d3 Ra8e8
22.Ra1d1 h6
23.Rd1d2 Qc7c6
24.Bf2d4 Nf6h7
25.Bd4c3 Re6d6
26.Qd3d4 f6
27.Bc3b4 Rd6d7
28.Rf1f2 Nh7g5
29.Rf2e2 Re8xe2
30.Rd2xe2 Rd7d8
31.h4 Ng5e6
32.Qd4d3 d4
33.Bb4d2 { draw }
1/2-1/2

[Event "Tourn. n8236"]
[Site "www.chess-mail.com"]
[Date "2015.07.20"]
[Round "1"]
[White "Vitoriccardo"]
[Black "Anja"]
[WhiteElo "1740"]
[BlackElo "1810"]
[Result "1-0"]
[Round "1"]
1.e4 Ng8f6
2.e5 Nf6d5
3.c4 Nd5b6
4.d4 d6
5.f4 dxe5
6.fxe5 Nb8c6
7.Bc1e3 Bc8f5
8.Nb1c3 e6
9.Ng1f3 Bf8e7
10.d5 Nc6b4
11.Ra1c1 exd5
12.cxd5 Nb6xd5
13.Nc3xd5 Nb4xd5
14.Be3d2 O-O
15.Bf1c4 Nd5b6
16.Bc4b3 Rf8e8
17.Bd2e3 Qd8xd1
18.Rc1xd1  { time }
1-0

[Event "Tourn. n8236"]
[Site "www.chess-mail.com"]
[Date "2015.07.20"]
[Round "1"]
[White "Vitoriccardo"]
[Black "Oliverio"]
[WhiteElo "1740"]
[BlackElo "1770"]
[Result "1-0"]
[Round "1"]
1.e4 c5
2.c3 d5
3.exd5 Qd8xd5
4.d4 Ng8f6
5.Ng1f3 e6
6.c4 Qd5d8
7.Bc1g5 cxd4
8.Qd1xd4 Bf8b4
9.Bg5d2 Qd8a5
10.Bd2xb4 Qa5xb4
11.Qd4c3 Nb8c6
12.Bf1d3 O-O
13.O-O b6
14.Qc3c2 Qb4c5
15.a3 Bc8b7
16.b4 Qc5h5
17.Nb1c3 Ra8c8
18.h3  { time }
1-0

[Event "Tourn. n8197"]
[Site "www.chess-mail.com"]
[Date "2015.07.20"]
[Round "1"]
[White "Guidom"]
[Black "Colchester"]
[WhiteElo "2080"]
[BlackElo "2010"]
[Result "1-0"]
[Round "1"]
1.e4 e5
2.Ng1f3 Ng8f6
3.Nb1c3 Nb8c6
4.Bf1c4 Bf8e7
5.d3 d6
6.O-O O-O
7.Bc1g5 Bc8g4
8.h3 Bg4xf3
9.Qd1xf3 Nc6d4
10.Qf3d1 c6
11.a3 Qd8d7
12.f4 b5
13.Bc4a2 a5
14.fxe5 dxe5
15.Nc3e2 c5
16.Ne2g3 h6
17.Bg5xf6 Be7xf6
18.Rf1xf6 gxf6
19.c3 Nd4e6
20.Ng3f5 Ne6f4
21.Qd1g4 { resign }
1-0

[Event "Tourn. n8160"]
[Site "www.chess-mail.com"]
[Date "2015.07.20"]
[Round "1"]
[White "Seger"]
[Black "Senitram"]
[WhiteElo "2670"]
[BlackElo "2590"]
[Result "1/2-1/2"]
[Round "1"]
1.d4 Ng8f6
2.e3 g6
3.c4 Bf8g7
4.Ng1f3 O-O
5.Bf1e2 c5
6.d5 e6
7.Nb1c3 exd5
8.cxd5 d6
9.O-O Nb8d7
10.e4 Rf8e8
11.Nf3d2 a6
12.a4 b6
13.Rf1e1 Ra8b8
14.h3 Nd7e5
15.Nd2b3 c4
16.Nb3d4 Bc8b7
17.Bc1g5 Rb8c8
18.Ra1c1 h6
19.Bg5e3 Nf6d7
20.b4 cxb3
21.Qd1xb3 Nd7c5
22.Qb3d1 Ne5d7
23.f3 Qd8e7
24.Be2f1 Qe7h4
25.Be3f2 Qh4d8
{ draw }
1/2-1/2

[Event "Tourn. n8248"]
[Site "www.chess-mail.com"]
[Date "2015.07.20"]
[Round "1"]
[White "Cristiano"]
[Black "Colchester"]
[WhiteElo "2150"]
[BlackElo "2040"]
[Result "1-0"]
[Round "1"]
1.e4 c5
2.Ng1f3 d6
3.d4 cxd4
4.Nf3xd4 Ng8f6
5.Nb1c3 g6
6.f3 Bf8g7
7.Bf1c4 O-O
{ time. }
1-0

[Event "Tourn. n8185"]
[Site "www.chess-mail.com"]
[Date "2015.07.20"]
[Round "1"]
[White "Stepanpech"]
[Black "Woodpusher2"]
[WhiteElo "2410"]
[BlackElo "2600"]
[Result "0-1"]
[Round "1"]
1.e4 e5
2.Ng1f3 Nb8c6
3.Bf1b5 a6
4.Bb5a4 Ng8f6
5.O-O Bf8e7
6.Rf1e1 b5
7.Ba4b3 O-O
8.c3 d5
9.exd5 Nf6xd5
10.Nf3xe5 Nc6xe5
11.Re1xe5 c6
12.d4 Be7d6
13.Re5e1 Qd8h4
14.g3 Qh4h3
15.Bc1e3 Bc8e6
16.Qd1f3 a5
17.Bb3c2 a4
18.Bc2d3 Be6g4
19.Qf3g2 Qh3h5
20.Bd3e4 Ra8c8
21.a3 Nd5f6
22.Nb1d2 Nf6xe4
23.Qg2xe4 Rf8e8
24.Qe4g2 { time. }
0-1

[Event "Tourn. n8174"]
[Site "www.chess-mail.com"]
[Date "2015.07.20"]
[Round "1"]
[White "Duff"]
[Black "Grimsby"]
[WhiteElo "1850"]
[BlackElo "1700"]
[Result "0-1"]
[Round "1"]
1.e4 e5
2.Ng1f3 Nb8c6
3.Nb1c3 Ng8f6
4.Bf1c4 Bf8e7
5.d3 d6
6.h3 O-O
7.O-O Nc6a5
8.Bc4b3 Na5xb3
9.axb3 a6
10.Bc1g5 Bc8e6
11.Rf1e1 Qd8d7
12.Qd1e2 c5
13.Nc3a4 Qd7c7
14.Na4c3 b5
15.Qe2e3 Rf8e8
16.Nf3d2 Nf6h5
17.Bg5xe7 Qc7xe7
18.Nd2f3 Nh5f4
19.Kh2 Qe7f6
20.Re1g1 Qf6h6
21.Nf3d2 Kh8
22.Nc3e2 Nf4xe2
23.Qe3xe2 f5
24.exf5 Be6xf5
 { time }
0-1

[Event "Tourn. n8076"]
[Site "www.chess-mail.com"]
[Date "2015.07.20"]
[Round "1"]
[White "Francesco"]
[Black "Vite"]
[WhiteElo "2090"]
[BlackElo "1990"]
[Result "1-0"]
[Round "1"]
1.e4 c6
2.d4 d5
3.Nb1c3 dxe4
4.Nc3xe4 Bc8f5
5.Ne4g3 Bf5g6
6.Ng1f3 e6
7.Bf1d3 Bg6xd3
8.Qd1xd3 Ng8f6
9.Bc1g5 Bf8e7
10.O-O-O Nb8d7
11.Rh1e1 O-O
12.Nf3e5 Nd7xe5
13.dxe5 Nf6d5
14.Bg5xe7 Qd8xe7
15.Ng3e4 Nd5f4
16.Qd3g3 Nf4g6
17.Ne4d6 Ra8d8
18.f4 Rd8d7
19.Re1h1 Qe7h4
20.Qg3xh4 Ng6xh4
21.g4 Nh4g6
22.Rd1f1 Ng6e7
23.h4 h6
24.g5 h5
25.f5 exf5
26.Nd6xf5 Ne7xf5
27.Rf1xf5 Rf8d8
28.Rh1f1 g6
29.Rf5f2 Rd7d5
30.Rf2xf7 Rd5xe5
31.Rf7xb7 a5
32.b3 Re5e4
33.Rf1f7 Re4xh4
34.Rf7g7 Kf8
35.Rg7xg6 Rh4h1
36.Kb2 h4
37.Rg6f6 Kg8
38.g6 h3
39.Rf6xc6 h2
40.Rb7h7 Rd8e8
41.Rc6a6 Re8f8
42.Ra6xa5 Rf8f6
43.Ra5a8 Rf6f8
44.Ra8xf8 Kxf8
45.a4 Rh1g1
46.Rh7xh2 Rg1xg6
47.c4 Ke7
48.Rh2d2 Rg6d6
49.Rd2xd6 Kxd6
50.b4 Kc6
51.Kb3 Kb6
52.Kc3 Kc6
53.Kd4 Kb6
54.Kd5 Ka6
55.Kc6 Ka7
56.b5 Kb8
57.a5 Ka8
58.c5 Ka7
59.a6 Ka8
60.b6 Kb8
61.Kd7 Ka8
62.c6 Kb8
63.a7 Ka8
64.Kc8 { resign }
1-0

[Event "Tourn. n8213"]
[Site "www.chess-mail.com"]
[Date "2015.07.20"]
[Round "1"]
[White "Pgcbies"]
[Black "Szustan"]
[WhiteElo "2670"]
[BlackElo "2620"]
[Result "1/2-1/2"]
[Round "1"]
1.e4 e5
2.Ng1f3 Nb8c6
3.Bf1c4 Ng8f6
4.d3 Bf8c5
5.c3 d6
6.b4 Bc5b6
7.a4 a5
8.b5 Nc6e7
9.O-O O-O
10.Nb1a3 Ne7g6
11.Bc1e3 Bb6xe3
12.fxe3 Qd8e7
13.Nf3d2 c6
14.Bc4b3 d5
15.exd5 Nf6xd5
16.Bb3xd5 cxd5
17.c4 Rf8d8
18.cxd5 Rd8xd5
19.Na3c4 Rd5xd3
20.Qd1c2 Rd3d8
21.Nd2e4 Bc8e6
22.Nc4b6 Ra8b8
23.Ra1c1 Qe7a3
24.Qc2c3 { draw }
1/2-1/2

[Event "Tourn. n8234"]
[Site "www.chess-mail.com"]
[Date "2015.07.20"]
[Round "1"]
[White "Anja"]
[Black "Osopanda"]
[WhiteElo "1810"]
[BlackElo "2010"]
[Result "0-1"]
[Round "1"]
1.d4 Ng8f6
2.Ng1f3 b6
3.Bc1f4 Bc8b7
4.e3 d6
5.Bf1d3 Nb8d7
6.Nb1d2 c5
7.c4 cxd4
8.exd4 e5
9.Bf4g5 Bf8e7
 { time }
0-1

[Event "Tourn. n8250"]
[Site "www.chess-mail.com"]
[Date "2015.07.20"]
[Round "1"]
[White "Creepypasta"]
[Black "Falcoale"]
[WhiteElo "1809"]
[BlackElo "1850"]
[Result "0-1"]
[Round "1"]
1.d4 Ng8f6
2.c4 b6
3.Nb1c3 Bc8b7
4.Qd1c2 e6
5.e4 Bf8b4
6.Bf1d3 d5
7.cxd5 exd5
 { time }
0-1